000 01705nam a22004094a 4500
001 ebr10267232
003 CaPaEBR
006 m u
007 cr cn|||||||||
008 050916s2006 dcu sb 001 0deng
010 _z 2005024499
020 _z0813214556 (cloth : alk. paper)
020 _z9780813214559
040 _aCaPaEBR
_cCaPaEBR
035 _a(OCoLC)427510600
043 _af-ti---
050 1 4 _aBR1720.P42
_bP2733 2006eb
082 0 4 _a272/.10922
_222
100 1 _aButler, Rex D.,
_d1952-
245 1 4 _aThe new prophecy & "new visions"
_h[electronic resource] :
_bevidence of Montanism in The passion of Perpetua and Felicitas /
_cRex D. Butler.
246 3 _aNew prophecy and new visions
260 _aWashington, D.C. :
_bCatholic University of America Press,
_cc2006.
300 _axvii, 211 p.
490 1 _aPatristic monograph series ;
_vv. 18
504 _aIncludes bibliographical references (p. 185-206) and indexes.
533 _aElectronic reproduction.
_bPalo Alto, Calif. :
_cebrary,
_d2013.
_nAvailable via World Wide Web.
_nAccess may be limited to ebrary affiliated libraries.
600 0 0 _aPerpetua,
_cSaint,
_dd. 203.
600 0 0 _aFelicity,
_cSaint,
_dd. 203.
630 0 0 _aPassio SS. Perpetuae et Felicitatis.
650 0 _aMontanism.
650 0 _aChristian saints
_zTunisia
_xBiography
_xHistory and criticism.
650 0 _aChristian martyrs
_zTunisia
_xBiography
_xHistory and criticism.
655 7 _aElectronic books.
_2local
710 2 _aebrary, Inc.
830 0 _aPatristic monograph series ;
_vno. 18.
856 4 0 _uhttp://site.ebrary.com/lib/rucke/Doc?id=10267232
_zAn electronic book accessible through the World Wide Web; click to view
999 _c8737
_d8737